The Encyclopedia of War Movies : (Record no. 587293)

MARC details
000 -LEADER
fixed length control field 00481nam a2200193 a 4500
008 - FIXED-LENGTH DATA ELEMENTS--GENERAL INFORMATION
fixed length control field 250916s2004##################000#0#eng##
020 ## - INTERNATIONAL STANDARD BOOK NUMBER
ISBN 9780816044788
082 04 - DEWEY DECIMAL CLASSIFICATION NUMBER
Classification number 791.43658
Item number DAV
100 1# - MAIN ENTRY--AUTHOR NAME
Personal name Davenport, Robert Ralsey,
245 10 - TITLE STATEMENT
Title The Encyclopedia of War Movies :
260 ## - PUBLICATION, DISTRIBUTION, ETC. (IMPRINT)
Name of publisher Facts on File,
Year of publication 2004.
300 ## - PHYSICAL DESCRIPTION
Number of Pages 452 pages
650 #0 - SUBJECT ADDED ENTRY--TOPICAL TERM
Topical Term Art.
942 ## - ADDED ENTRY ELEMENTS (KOHA)
Koha item type English Books
Holdings
Withdrawn status Lost status Damaged status Not for loan Home library Current library Shelving location Date acquired Full call number Accession Number Price effective from Koha item type
        Anna Centenary Library Anna Centenary Library 6TH FLOOR, B WING 16.09.2025 791.43658 DAV 287408 16.09.2025 English Books

Find us on the map